Nenne eine deutsche Stadt - Statistiken

Allgemein
  • Dieses Quiz wurde 377 mal gespielt
  • Das Durchschnittsergebnis liegt bei 7 aus 11
Antwortstatistiken
Hint Antwort % Korrekt
mit einer Kathedrale Aachen| Augsburg|Bamberg|Berlin|Dresden|Eichstätt|Erfurt|Essen|Freiburg| Fulda| Görlitz|Hamburg| Hildesheim| Köln| Limburg|Magdeburg| Mainz|München| Münster| Osnabrück| Paderborn| Passau| Regensburg| Rottenburg| Speyer| Trier| Würzburg
98%
mit über 500.000 aber unter 1 Million Einwohner Duisburg| Nürnberg| Hannover| Dresden| Bremen| Leipzig| Düsseldorf| Stuttgart| Frankfurt|Essen| Dortmund
89%
mit der Endung -burg Duisburg|Augsburg| Magdeburg| Rothenburg| Burghausen| Aschaffenburg| Regensburg| Ratzeburg| Limburg| Flensburg| Marburg| Burgdorf| Merseburg| Freiburg| Ludwigsburg| Ravensburg| Brandenburg| Oldenburg| Wolfsburg| Quedlinburg| Homburg| Coburg| Aschaffenburg| Hamburg
88%
mit einer der 5 höchsten Kriminalitätsraten Frankfurt|Berlin|Hannover|Köln|Bremen
86%
mit einem Verein in der 2. Bundesliga Kiel| Hamburg| Düsseldorf|Fürth|Paderborn| Berlin| Hannover| Elversberg| Nürnberg|Wiesbaden| Karlsruhe|Magdeburg| Gelsenkirchen| Kaiserslautern| Rostock| Braunschweig| Osnabrück
86%
mit einem Binnenhafen Duisburg| Hamburg| Köln| Mannheim| Karlsruhe| Ludwigshafen|Neuss| Gelsenkirchen| Berlin
84%
an der Nordseeküste Emden| Norden| Cuxhaven| Bremerhaven|Wilhelmshaven| Husum| Sankt Peter-Ording| Butjadingen
73%
mit einem Q am Anfang Quakenbrück|Quarnbek| Quarnstedt| Quaschwitz| Quedlinburg| Queidersbach| Quendorf| Querenhorst| Querfurt| Quernheim| Quickborn b. Dithmarschen| Quickborn/Kr. Pinneberg| Quiddelbach| Quierschied| Quirla| Quirnbach(Pfalz)| Quirnbach| Quirnheim| Quitzdorf am See|
57%
auf Sylt Wenningstedt|Westerland| List| Hörnum| Kampen| Tinnum|Muntmarsch|Keitum| Ransum| Morsum
48%
ohne Schienenpersonenverkehr mit mehr als 40.000 Einwohnern Bergkamen| Aurich| Monheim |Nordhorn
8%
die nach 2000 ihre Stadtrechte bekommen hat Büdelsdorf| Netphen| Unterschleißheim|Rheinstetten| Selters
0%
Keine übereinstimmenden Quizze gefunden
Verteilung der Resultate
Anzahl Personen mit jedem Resultat
Perzentil nach korrekt beantworteten Fragen
Ihre Resultats-Entwicklung
Sie haben dieses Quiz noch nicht gespielt